Statistics for CS:GO Major Graffiti Plays

Click here to take the quiz!

General Stats

  • This quiz has been taken 455 times
  • The average score is 5 of 6

Answer Stats

Eventvs. TeamTeam (During Event)PlayMapPlayer% Correct
ESL One Cologne 2016FnaticTeam LiquidDouble No-scopeCaches1mple
97%
MLG Columbus 2016Team LiquidLuminosity GamingJumping AWP 4KMiragecoldzera
96%
Cologne Major 2014Team DignitasFnaticDefuse in FireOverpassolofmeister
95%
DreamHack Winter 2015Team LDLC.comFnatic3-man BoostOverpassolofmeister
86%
PGL Krakow 2017ImmortalsGambit Esports200 IQ NadeInfernoDosia
78%
ESL One Cologne 2014N/ANinjas in PyjamasVia AdamoInfernofriberg
58%

Score Distribution

Percentile by Number Answered

Percent of People with Each Score

Your Score History

You have not taken this quiz